| 000 | 00584nam a2200157 4500 | ||
|---|---|---|---|
| 001 | 131605 | ||
| 003 | ES-MaACL | ||
| 005 | 20230906194019.0 | ||
| 007 | t| | ||
| 008 | 070214s1906 sp r ||||1| spa d | ||
| 100 | 1 |
_aRodríguez González, Fernando. _998559 |
|
| 245 | 1 | 0 |
_aPatogenia y terapéutica de la enfermedad de Basedow _b: tesis para el doctorado en Medicina presentada el día 16 de junio de 1905 / _cpor Fernando Rodríguez González. |
| 260 |
_aSalamanca : _b[s. n.], _c1906 ( _fPatricio, Rodríguez y Cia.) |
||
| 300 |
_a76 p. ; _c22 cm. |
||
| 852 |
_aES-MaACL _jT-1134-F-6 |
||
| 999 |
_c131605 _d131605 |
||